Vida contemplativa: Elogio de la inactividad.
Gorde:
| Egile nagusia: | |
|---|---|
| Beste egile batzuk: | |
| Formatua: | Liburua |
| Argitaratua: |
Santiago, Chile:
Taurus,
2023.
|
| Edizioa: | Primera edición. |
| Gaiak: | |
| Etiketak: |
Etiketa erantsi
Etiketarik gabe, Izan zaitez lehena erregistro honi etiketa jartzen!
|
MARC
| LEADER | 00000nam a22000007a 4500 | ||
|---|---|---|---|
| 003 | CL-VaPUC | ||
| 005 | 20250321101933.0 | ||
| 008 | 250127t2023 ||||| |||| 00| 0 eng d | ||
| 999 | |c 446814 |d 446812 | ||
| 020 | |a 978-956-9635-86-1 | ||
| 040 | |c Pontificia Universidad Católica de Valparaíso | ||
| 082 | |a 175 HAN 2023 | ||
| 100 | |9 602741 |a Han, Byung-Chul |e autor | ||
| 245 | |a Vida contemplativa: |b Elogio de la inactividad. | ||
| 250 | |a Primera edición. | ||
| 260 | |a Santiago, Chile: |b Taurus, |c 2023. | ||
| 300 | |a 140 páginas. | ||
| 500 | |a c.1-c.2. Instituto Arcos.08-01-2025. | ||
| 583 | |c 20250127 |k Gabriela Rodríguez Cuevas | ||
| 650 | 0 | |9 340217 |a Tiempo de ocio |x Ética | |
| 650 | 0 | |9 317501 |a Contemplación |x Calidad de vida | |
| 650 | 0 | |9 255410 |a Sociología |x Filosofía | |
| 700 | |9 895862 |a Alberti, Miguel |e traductor | ||
| 942 | |2 ddc |c BK |n 0 | ||
| 952 | |0 0 |1 0 |2 ddc |4 0 |6 175_000000000000000_HAN_2023 |7 0 |8 A |9 599919 |a BIBINC |b BIBINC |d 2025-01-27 |e Instituto Arcos |i 5664806 |o 175 HAN 2023 |p 5664806 |r 2025-01-27 |t 1 |w 2025-01-27 |y BK |k IFP | ||
| 952 | |0 0 |1 0 |2 ddc |4 0 |6 175_000000000000000_HAN_2023 |7 0 |8 A |9 600332 |a BIBINC |b BIBINC |d 2025-02-03 |e Instituto Arcos |i 5665268 |o 175 HAN 2023 |p 5665268 |r 2025-02-03 |t 2 |w 2025-02-03 |y BK |k IFP | ||